|
|
|
|
| LEADER |
00000nam a2200000 a 4500 |
| 001 |
vtls001332479 |
| 003 |
SK-MaSNL |
| 005 |
20260301182958.0 |
| 008 |
251113s1997 xo ac 0 slo |
| 015 |
|
|
|a SNBE1998/03-02037
|
| 020 |
|
|
|a 8085548232
|
| 035 |
|
|
|a SNK000285380
|
| 040 |
|
|
|a SNK
|b slo
|c SNK
|e AACR2
|
| 041 |
0 |
|
|a slo
|
| 044 |
|
|
|a xo
|c SK
|
| 080 |
|
|
|a 78.071.2:784.66(083.9)
|2 1981
|
| 080 |
|
|
|a 784.66:785.1
|2 1981
|
| 100 |
1 |
|
|a Fudra, Igor
|4 aut
|9 284257
|
| 245 |
1 |
0 |
|a Rocková scéna v Banskej Bystrici
|b (1985-1997)
|c Igor Fudra ; grafická úprava a obálka: Vladimír Červený
|
| 260 |
|
|
|a Banská Bystrica
|b Literárne a hudobné múzeum
|c 1997
|
| 300 |
|
|
|a 43 s.
|b inform., fotogr., zozn.
|c 22x15 cm
|
| 490 |
1 |
|
|a Svet je náš
|
| 648 |
|
7 |
|a 1985-1997
|2 SNK
|9 557617
|
| 650 |
0 |
7 |
|a hudobné skupiny
|2 SNKPH
|9 3429
|
| 650 |
0 |
7 |
|a rock
|2 SNKPH
|9 3179
|
| 651 |
|
7 |
|a Banská Bystrica (Slovensko)
|2 SNKPHgeo
|9 22015
|
| 655 |
|
7 |
|a informačné publikácie
|2 SNKPH
|9 70181
|
| 700 |
1 |
|
|a Červený, Vladimír
|4 gup
|9 247085
|
| 830 |
|
0 |
|a Svet je náš
|9 557618
|
| 919 |
|
|
|a 80-85548-23-2
|
| 958 |
|
|
|a TL
|
| 999 |
|
|
|c 855428
|d 857358
|
| 952 |
|
|
|t P60, <03>, [BOOK], {603}
|a SNK
|b SNK
|y PREZ
|7 0
|p 17A0141791
|o snkOSC 19709
|i snkKSP 5605/98
|0 0
|1 0
|4 0
|d 1998-05-29
|l 0
|r 2005-01-02 00:00:00
|w 2026-02-24
|
| 952 |
|
|
|t P60, <04>, [BOOK], {604}
|a SNK
|b SNK
|y VYP
|7 0
|p 17A0141790
|o snkOSC 19709 D1
|i snkKSP 5606/98
|0 0
|1 0
|4 0
|d 1998-05-29
|l 0
|r 2005-01-02 00:00:00
|w 2026-02-24
|